Desafíos del neoliberalismo al movimiento popular /
Sostiene que el movimiento popular debe enfrentar el desafío metodológico de partir de lo personal a lo social, de lo local a lo nacional, de lo subjetivo a lo objetivo, de lo espiritual a lo político e ideológico. Cabe al movimiento popular vincular lo micro a lo macro, las luchas específicas a las...
Bewaard in:
| Hoofdauteur: | |
|---|---|
| Formaat: | Texto |
| Taal: | Spanish |
| Onderwerpen: | |
| Tags: |
Voeg label toe
Geen labels, Wees de eerste die dit record labelt!
|
MARC
| LEADER | 00000 a a2200000 04500 | ||
|---|---|---|---|
| 003 | cru CIDCACS/IIS | ||
| 005 | 20230328160718.0 | ||
| 008 | 191009b ||||| |||| 00| 0 spa d | ||
| 040 | |c cru CIDCACS/IIS | ||
| 100 | 1 | |a Betto, Frei |9 7701 | |
| 245 | 1 | |a Desafíos del neoliberalismo al movimiento popular / |c Frei Betto | |
| 300 | |a páginas 12-14 | ||
| 520 | |a Sostiene que el movimiento popular debe enfrentar el desafío metodológico de partir de lo personal a lo social, de lo local a lo nacional, de lo subjetivo a lo objetivo, de lo espiritual a lo político e ideológico. Cabe al movimiento popular vincular lo micro a lo macro, las luchas específicas a las luchas públicas por lo que es preciso elaborar propuestas concretas y viables para áreas como abastecimiento, transporte, vivienda, salud, etc. las personas necesitan visualizar las propuestas, sentir que son palpables y de cierto modo alcanzables. REV/LCL | ||
| 650 | 0 | |a GRUPOS POPULARES |9 3616 | |
| 650 | 0 | |a MOVIMIENTOS SOCIALES |9 3 | |
| 650 | 0 | |a SISTEMAS ECONOMICOS |9 1394 | |
| 650 | 0 | |a LIBERALISMO |9 82 | |
| 773 | |g volumen 24, número 311; páginas 15-18 | ||
| 773 | 0 | |0 42391 |9 3517 |a Agencia Latinoamericana de Información, ALAI |d Quito, Ecuador: ALAI |o 08361 |t ALAI: |x 08275564 | |
| 942 | |2 ddc |c PP | ||
| 999 | |c 42460 |d 42460 | ||
